000
00233nam a2200085Ia 4500
245
0
_a
The waiting time
100
_a
CARR, Margaret Bath, 2009 Large print ed
_9
65699
942
_c
BK
008
210817s9999 xx 000 0 und d
999
_c
299459
_d
299458